LIBRARY ONLINE CATALOGUE

Business ethics and the natural environment / (Record no. 3112)

MARC details
000 -LEADER
fixed length control field 00659nam a22002052 4500
001 - CONTROL NUMBER
control field 0000006346
005 - DATE AND TIME OF LATEST TRANSACTION
control field 20151217145832.0
008 - FIXED-LENGTH DATA ELEMENTS--GENERAL INFORMATION
fixed length control field 071022s xx 000 0 eng d
020 ## - INTERNATIONAL STANDARD BOOK NUMBER
International Standard Book Number 1405116633 :
Terms of availability KES 9350
040 ## - CATALOGING SOURCE
Original cataloging agency KABU
Transcribing agency KABU
100 1# - MAIN ENTRY--PERSONAL NAME
Personal name Newton, Lisa H.
-- 0000151402
245 10 - TITLE STATEMENT
Title Business ethics and the natural environment /
Statement of responsibility, etc. Lisa H. Newton.
260 ## - PUBLICATION, DISTRIBUTION, ETC. (IMPRINT)
Place of publication, distribution, etc. Oxford :
Name of publisher, distributor, etc. Blackwell,
Date of publication, distribution, etc. 2005.
300 ## - PHYSICAL DESCRIPTION
Extent xiv, 259 p.
650 #0 - SUBJECT ADDED ENTRY--TOPICAL TERM
Topical term or geographic name as entry element Industrial management
General subdivision Environmental aspects.
-- 0000150568
650 #0 - SUBJECT ADDED ENTRY--TOPICAL TERM
Topical term or geographic name as entry element Social responsibility of business.
-- 0000150871
908 ## - PUT COMMAND PARAMETER (RLIN)
Put command parameter 071022
950 ## - LOCAL HOLDINGS (RLIN)
-- 1
Holdings
Withdrawn status Lost status Source of classification or shelving scheme Not for loan Home library Current library Date acquired Total Checkouts Full call number Barcode Date last seen Price effective from Koha item type
    Library of Congress Classification   Kabarak, Main Campus Kabarak, Main Campus 17/12/2015   HD30.255 .N49 010645 17/12/2015 17/12/2015 General Collection